00461 2200181 4500001002100000005001700021008004100038020001800079035002500097090002000122245002700142250001400169260003000183650002000213850001200233990001700245990001700262YOGYA-0211000000361620150309153811.0 ind  a962-593-080-9 a0010-021100000003616 aRQ 912.598bInd aINDONESIA travel atlas a2 nd. ed. aSingaporebPeriplusc2004 aAtlas Indonesia aYOPDYOG a2597-PD/P.04 a2598-PD/P.04